Истината за рока (Запис номер 100166)
[ съкратено ]
| 000 -Лидер | |
|---|---|
| Контролно поле с фиксирана дължина | 01622nam a2200385 c 4500 |
| 003 - Код на организацията, давaща контролен номер | |
| Контролно поле | BLK |
| 005 - Дата и час на последна редакция | |
| Контролно поле | 20240712103414.0 |
| 008 - Елементи от данни с фиксирана дължина | |
| fixed length control field | 180409b bul|||||r ||||||| ||bul|| |
| 010 ## - Наследен системен номер | |
| LC control number | KNG00105184000 |
| 020 ## - Международен стандартен номер на книга ISBN | |
| Международен стандартен номер на книга ISBN | 954-8680-05-Х |
| -- | издат.: Авида |
| 040 ## - Източник на каталожния запис | |
| Идентификатор на билиотеката - собственик на записа | BLK |
| 041 ## - Код за език | |
| Код за езика на текст/звукозапис или на отделно заглавие | Български |
| Код за езика КДБФ | Български |
| 080 ## - УДК | |
| Текстов определител УДК | Други видове песни. - Естрада, джаз. Стари градски. Рок-и попмузика. Чалга(поп-фолк) |
| УДК код - определител по УДК | 784.7 |
| УДК определител | |
| УДК - код + определител | 784.7 |
| 100 1# - Редна дума - Автор | |
| Автор | Питърс, Стив |
| Авторска отговорност | първи автор |
| R(LIN) | 308348 |
| 139 ## - Редно поле | |
| Редна дума | Питърс, Стив и др. |
| Авторски знак | Пит - П 56 |
| 245 10 - Сведения за заглавието | |
| Заглавие | Истината за рока |
| Редно поле (дума) | Стив Питърс; съавт. Марк Литълтън; прев. от англ. Ива Балабанова. |
| 257 ## - Страна на издаване | |
| Страна на създаване/издаване | Съединени американски щати |
| 260 ## - Област на издателските данни | |
| Име на издателя, разпространителя и проч. | Авида |
| Година на издаване | 2002 |
| 300 ## - Физическа характеристика | |
| Страници | 224 с. |
| Размери/Мащаб | 21 см |
| 380 ## - Жанр | |
| Жанр | Изкуство |
| 500 ## - Общи забележки | |
| Забележка | Ориг. загл. The truth about rock / Steve Peters, Mark Littleton. - Съдържа и За авторите. - Библиогр. с. 211-212 ; Азб. показалец. |
| 650 #4 - Допълнително описание по предмет – тема | |
| Основно описание – тема или топоним | Рокмузика - критика |
| 9 (RLIN) | 308349 |
| 650 #4 - Допълнително описание по предмет – тема | |
| Основно описание – тема или топоним | Песни |
| 9 (RLIN) | 166108 |
| 650 #4 - Допълнително описание по предмет – тема | |
| Основно описание – тема или топоним | Музикални изпълнители |
| 9 (RLIN) | 247442 |
| 653 ## - Ключова дума – ненормативна | |
| Ключова дума | рокмузика |
| 653 ## - Ключова дума – ненормативна | |
| Ключова дума | история |
| 700 1# - Други автори (авторска отговорност) | |
| Лично име | Литълтън, Марк |
| Автороска отговорност (Описва отношението между автора и произведението) | съавт. |
| 9 (RLIN) | 89184 |
| 700 1# - Други автори (авторска отговорност) | |
| Лично име | Балабанова, Ива |
| Автороска отговорност (Описва отношението между автора и произведението) | прев. от англ. |
| 9 (RLIN) | 374623 |
| 852 ## - Местоположение | |
| Форматна сигнатура | Цб 214262 |
| 856 4# - Електронен адрес и достъп | |
| Електронен формат | pdf - файл |
| Път до файла /url/ | |
| 856 4# - Електронен адрес и достъп | |
| Електронен формат | pdf - файл |
| Път до файла /url/ | |
| 942 ## - АРТИКУЛИ | |
| Вид на библиотечния материал | Книги |
| Скрит в OPAC | Не |
| Koha issues (borrowed), all copies | 1 |
| 944 ## - СЪЗДАВАНЕ И РЕДАКЦИЯ на ЗАПИСА | |
| Създаване/Редакция | Създаване |
| Дата на регистрацията/редакция | 01.01.2002 |
| Служител, извършил регистрацията/редакцията | 30542 |
| Статус, дата на статуса | Русанова Ирена |
| 944 ## - СЪЗДАВАНЕ И РЕДАКЦИЯ на ЗАПИСА | |
| Създаване/Редакция | Редакция |
| Дата на регистрацията/редакция | 13.07.2004 |
| Служител, извършил регистрацията/редакцията | |
| 999 ## - СИСТЕМНИ КОНТРОЛНИ НОМЕРА | |
| Koha biblionumber | 100166 |
| Koha biblioitemnumber | 100166 |
| Код за отписване | Код за изгубен артикул | Източник на класификационната схема | Код за повреда | Коз за рестрикции | Код за отдаване | Артикулен № | Име на библиотеката - собственик | Име на библиотеката, в която се намира в момента | Статус (Текущо местоположение) | Дата на вписване в системата | Местоположение - отдел | Цена в лева | Инвентарен номер | Систематично азбучна сигнатура | Баркод | Номер на екземпляра | Цена в евро | Служебна бележка | Служебен тип на артикула |
|---|---|---|---|---|---|---|---|---|---|---|---|---|---|---|---|---|---|---|---|
| Не е изгубен | Universal Decimal Classification | Не е повреден | само за читалня | ползва се в читалня | 161296 | Регионална библиотека "Любен Каравелов" Русе | Регионална библиотека "Любен Каравелов" Русе | Хранилище | 2003-03-04 | Хранилище | 6.00 | 120000675097 | Цб 214262 | 120000675097 | 1 | 3.07 | Дост: Dp Вид: Д N: 22 Дата: 18.05.2002 | Книги | |
| Не е изгубен | Universal Decimal Classification | Не е повреден | без рестрикции | заемане за дома | 755379 | Регионална библиотека "Любен Каравелов" Русе | Регионална библиотека "Любен Каравелов" Русе | Отдел Изкуство - подръчен фонд | 2020-02-07 | Отдел Изкуство - подръчен фонд | 6.00 | 784.7/П 56 | 120000842451 | 3.07 | Книги |